Normal view
MARC view
- Galbraith, John Kenneth,
Entry Nombre Personal
001 - NUMERO DE CONTROL
- campo de control: 39116
003 - IDENTIFICADOR DE NUMERO DE CONTROL
- campo de control: UPN
005 - FECHA Y HORA DE LA ÜLTIMA TRANSACCIÓN
- campo de control: 20240502163926.0
008 - DATOS DE LONGITUD FIJA
- campo de control de longitud fija: 240502n||acannaabn | aaa |d
035 ## - NUMERO DE CONTROL
- Número de control: UPN11000011223
040 ## - FUENTE DE CATALOGACIÓN
- Lenguaje de catalogación: spa
- Agencia de transcripción: MX-MxUPN
- Agencia original de catalogación: MX-MxUPN
046 ## - FECHAS CON CODIFICACIÓN ESPECIAL
- Fecha de nacimiento: 19081015
- Fecha de muerte: 20060429
053 #0 - NÚMERO DE CLASIFICACIÓN LC
- Número de clasificación elemento-número único o número inicial de tramo: PS3557.A4113
100 1# - ENCABEZAMIENTO - NOMBRE PERSONAL
- Nombre personal: Galbraith, John Kenneth,
- Fechas asociadas con el nombre: 1908-2006
370 ## - LUGAR ASOCIADO
- Fuente del término: $naf
- Place of birth: Dunwich (Ontario)
- Place of death: Cambridge (Massachusetts)
374 ## - OCUPACIÓN
- Occupation: Economista
- Occupation: Profesor
- Occupation: Diplomático
670 ## - FUENTE EN LA QUE SE LOCALIZARON DATOS
- Cita de la fuente: T
- Información localizada: Wikipedia
670 ## - FUENTE EN LA QUE SE LOCALIZARON DATOS
- Cita de la fuente: LC, 02 mayo 2024 :
- Información localizada: (Galbraith, John Kenneth, 1908-2006)
- Uniform Resource Identifier: https://lccn.loc.gov/n79061210
680 ## - NOTA PUBLICA DE ACCESO PÚBLICO
- Frase explicativa de la referencia: Economista canadiense
902 ## - CATALOGADOR
- Catalogador: MCM/270916
902 ## - CATALOGADOR
- Catalogador: MaríaRobles/020524
